Stones into Schools (Record no. 11629)
[ view plain ]
| 000 -LEADER | |
|---|---|
| fixed length control field | 00254nam a22000977a 4500 |
| 008 - FIXED-LENGTH DATA ELEMENTS--GENERAL INFORMATION | |
| fixed length control field | 190921b ||||| |||| 00| 0 eng d |
| 020 ## - INTERNATIONAL STANDARD BOOK NUMBER | |
| International Standard Book Number | 9780143118237 |
| 100 ## - MAIN ENTRY--PERSONAL NAME | |
| Personal name | Mortenson Stones |
| 9 (RLIN) | 7332 |
| 245 ## - TITLE STATEMENT | |
| Title | Stones into Schools |
| 260 ## - PUBLICATION, DISTRIBUTION, ETC. (IMPRINT) | |
| Place of publication, distribution, etc. | USA |
| Name of publisher, distributor, etc. | Penguin Books |
| Date of publication, distribution, etc. | 2009 |
No items available.